000 01010nam a2200253Ia 4500
003 GCL
005 20240530102911.0
008 140319s9999 xx 000 0 ara d
040 _aGCL /
_cGCL
082 0 4 _a916.2
_bق/ى ج
100 1 _aيوسف ابوالحجاج ابراهيم
245 1 0 _aجغرافية مصر /
_cتحرير يوسف ابوالحجاج ابراهيم ، نصر السيد نصر ، محمد السيد غلاب ، محمد صبحى عبدالحكيم
260 _aالقاهرة :
_bالهيئة المصرية العامة للكتاب ،
_c1994
300 _a551ص:
_bايض ؛
_c24 سم
650 0 4 _aمصر
_xجغرافيا
650 0 4 _aالجغرافيا الاقتصادية
650 0 4 _aالسكان
_xمصر
650 0 4 _aالبيئة والانسان
650 0 4 _aالجغرافيا البشرية
_xمصر
700 1 _aمحمد السيد غلاب
700 1 _aمحمد صبحى عبدالحكيم
700 1 _aنصر السيد نصر
942 _2ddc
_cBK
999 _c35244
_d35244